000 00502nam a2200229Ia 4500
003 IT-RoPAU
008 120407s9999 xx 000 0 und d
040 _aIT-RoPAU
040 _cIT-RoPAU
041 _aita
100 _aLouisa May Alcott
245 _aI ragazzi di Jo . Vers. di Laura Guicciardini.
250 _aRoma
260 _aEdizioni Paoline
260 _c1966
300 _a193 p.
300 _c24 cm
490 _aLa 500 ep, 34
490 _v1
942 _cBK
999 _c28035
_d28035